000 00635nmc a2200265 a 4500
003 AR-BaBNM
005 20251128211409.0
008 124020s1987 ||||||||||||||000 | spa||
020 _a84-233-1142-2
040 _cAR-BaBNM
100 1 _aDelibes, Miguel
245 1 0 _aLa hoja roja
250 _a5ยช ed.
260 _aBarcelona
_bEdiciones Destino
_c1987
300 _a236 p.
490 0 _aDestino Libro
_vv. 151
650 4 _aLITERATURA ESPANOLA
650 4 _aLITERATURA CONTEMPORANEA
650 4 _aREALISMO
650 4 _aNOVELAS
653 _aCOSTUMBRISMO
655 _aLITERATURA
942 _cBK
998 _ccalidad
999 _c19514
_d19514